Bioquímica (Record no. 5377)

MARC details
000 -LEADER
campo de control de longitud fija 00973nam a2200277 i 4500
001 - NÚMERO DE CONTROL
campo de control 5377
003 - IDENTIFICADOR DE NÚMERO DE CONTROL
campo de control ES-MaACL
005 - FECHA Y HORA DE LA ÚLTIMA TRANSACCIÓN
campo de control 20250815112558.0
007 - CAMPO FIJO DE DESCRIPCIÓN FÍSICA--INFORMACIÓN GENERAL
campo de control de longitud fija t|
008 - DATOS DE LONGITUD FIJA--INFORMACIÓN GENERAL
campo de control de longitud fija 880608s1987 sp f ||||1| spa d
020 ## - NÚMERO INTERNACIONAL ESTÁNDAR DEL LIBRO
Número Internacional Estándar del Libro 84-7605-407-6
080 ## - NÚMERO DE LA CLASIFICACIÓN DECIMAL UNIVERSAL
Número de la Clasificación Decimal Universal 577.1(075.8)
080 ## - NÚMERO DE LA CLASIFICACIÓN DECIMAL UNIVERSAL
Número de la Clasificación Decimal Universal 616-074(075.8)
100 1# - ENTRADA PRINCIPAL--NOMBRE DE PERSONA
Nombre de persona MacGilvery, Robert W.
9 (RLIN) 75146
245 10 - MENCIÓN DEL TÍTULO
Título Bioquímica
Resto del título : aplicaciones clínicas /
Mención de responsabilidad, etc. Robert W. McGilvery, con la colaboración de Gerald W. Goldstein; versión en español Mario Calcagno Montans, Federico Martínez Montes.
250 ## - MENCION DE EDICION
Mención de edición 3ª. ed.
260 ## - PUBLICACIÓN, DISTRIBUCIÓN, ETC.
Lugar de publicación, distribución, etc. Madrid [etc.] :
Nombre del editor, distribuidor, etc. Interamericana:McGraw-Hill,
Fecha de publicación, distribución, etc. D.L.1987.
300 ## - DESCRIPCIÓN FÍSICA
Extensión XIII, 1025 p. ;
Dimensiones 24 cm.
500 ## - NOTA GENERAL
Nota general Bibliografia. Indices.
650 17 - PUNTO DE ACCESO ADICIONAL DE MATERIA--TÉRMINO DE MATERIA
Término de materia o nombre geográfico como elemento de entrada Bioquímica
Fuente del encabezamiento o término embne
9 (RLIN) 136796
700 1# - ENTRADA AGREGADA--NOMBRE PERSONAL
Nombre de persona Goldstein, Gerald W.
9 (RLIN) 57695
700 1# - ENTRADA AGREGADA--NOMBRE PERSONAL
Nombre de persona Calcagno Montans, Mario.
9 (RLIN) 33561
700 1# - ENTRADA AGREGADA--NOMBRE PERSONAL
Nombre de persona Martínez Montes, Federico.
9 (RLIN) 78253
852 ## - LOCALIZACIÓN
Ubicación ES-MaACL
Número de control de estantería L-12140
Sublocalización o colección R.115136
Nota libre . - Rust.
Holdings
Estatus retirado Estado de pérdida Estado de daño No para préstamo Biblioteca de origen Biblioteca actual Ubicación en estantería Fecha de adquisición Fuente de adquisición Total de préstamos Signatura topográfica completa Código de barras Visto por última vez Precio de reemplazo Tipo de ítem Koha
        Biblioteca del Ateneo de Madrid Biblioteca del Ateneo de Madrid Depósito 2 17/01/2008     L-12140 1005440 23/02/2023 23/02/2023 Libro impreso